Mapping the Bodhicaryavatara : (Record no. 92833)

MARC details
000 -LEADER
fixed length control field 00776nam a22002297a 4500
005 - DATE AND TIME OF LATEST TRANSACTION
control field 20150513151848.0
010 ## - LCCN (DPL NO)
LC control number ENG-112652
020 ## - INTERNATIONAL STANDARD BOOK NUMBER
International Standard Book Number 9788179860861
Terms of availability 625.00
035 ## - SYSTEM CONTROL NUMBER
System control number EN-96184
037 ## - SOURCE OF ACQUISITION
Source of stock number/acquisition DBAD/PUB
082 ## - DEWEY DECIMAL CLASSIFICATION NUMBER
Classification number 250
100 ## - MAIN ENTRY--PERSONAL NAME
Personal name Roy, Pabitrakumar
245 00 - TITLE STATEMENT
Title Mapping the Bodhicaryavatara :
Statement of responsibility, etc by Pabitrakumar Roy
Remainder of title essays on Mahayana ethics /
260 ## - PUBLICATION, DISTRIBUTION, ETC. (IMPRINT)
Place of publication, distribution, etc Shimla
Name of publisher, distributor, etc Indian Institute of Advanced Study
Date of publication, distribution, etc 2011
270 ## - ADDRESS
Address Rashtrapati Nivas
City Shimla
Postal code 171005
300 ## - PHYSICAL DESCRIPTION
Extent xxxix,352p.
Dimensions 22cm(Hb)
500 ## - GENERAL NOTE
General note Includes bibliographical references (p. [345]-349).
600 ## - SUBJECT ADDED ENTRY--PERSONAL NAME
Personal name Śāntideva
Dates associated with a name active 7th century.
650 ## - SUBJECT ADDED ENTRY--TOPICAL TERM
Topical term or geographic name as entry element Mahayana Buddhism
General subdivision Doctrines.
650 ## - SUBJECT ADDED ENTRY--TOPICAL TERM
Topical term or geographic name as entry element Buddhist ethics.
942 ## - ADDED ENTRY ELEMENTS (KOHA)
Source of classification or shelving scheme Dewey Decimal Classification
Item type English Books
Call number suffix ROY
Classification part 250
Holdings
Withdrawn status Lost status Not for loan Collection code Home library Current library Date acquired Source of acquisition Cost, normal purchase price Full call number Barcode Copy number Cost, replacement price Koha item type
    Not For Loan Non-fiction D.B.Act.Division D.B.Act.Division 09/04/2015 DBAD/PUB 625.00 250 ROY EN-96184 1 625.00 English Books

© Delhi Public Library
Hit Counter
free hit counter